000 00346cam a2200145ua 4500
041 _aeng
_h
082 _a823.308
_bWOO/RE
100 _aWood, Larna .
245 _aRescue by Bromstick /
_cWood.
_hTextual Documents
260 _a :
_bDent Permanant books ,
_c1963.
300 _a125 ; .
504 _a
942 _cBK
999 _c11397
_d11397